Garanzie e autonomia privata nel leasing e nel factoring
Sábháilte in:
| Príomhchruthaitheoirí: | , |
|---|---|
| Formáid: | LEABHAR |
| Teanga: | Iodáilis |
| Foilsithe / Cruthaithe: |
Nápoles
Jovene
1981
|
| Sraith: | Pubblicazioni della Facolta Giuridica dell'Universita di Bari, 64
|
| Ábhair: | |
| Clibeanna: |
Cuir clib leis
Níl clibeanna ann, Bí ar an gcéad duine le clib a chur leis an taifead seo!
|
MARC
| LEADER | 00000nam a2200000 a 4500 | ||
|---|---|---|---|
| 001 | UCV2294 | ||
| 003 | CL-VaPUC | ||
| 008 | 920429e19810000IT |||||||||||||||||ita|d | ||
| 082 | 0 | 4 | |a 346.074 |b LAB |2 21 |
| 100 | 0 | |a Labianca, Marcello |e author |9 296564 | |
| 700 | 0 | |a Parente, Ferdinando |e author |9 296565 | |
| 245 | 1 | 0 | |a Garanzie e autonomia privata nel leasing e nel factoring |
| 300 | |a 111 p | ||
| 942 | |c BK | ||
| 945 | |d 19920429 00:00:00 | ||
| 260 | |a Nápoles |b Jovene |c 1981 | ||
| 650 | 0 | |a Autonomía de la voluntad |9 382256 | |
| 650 | 0 | |a Arrendamiento |9 257654 | |
| 650 | 0 | |a Derecho y legislación |9 255077 | |
| 650 | 0 | |a Contratos |9 255153 | |
| 650 | 0 | |a Derecho comercial |9 256340 | |
| 583 | |a last modification |c 19920429 00:00:00 |k Rodrigo Vera | ||
| 490 | 0 | |a Pubblicazioni della Facolta Giuridica dell'Universita di Bari, 64 | |
| 999 | |c 209927 |d 209925 | ||
| 952 | |0 0 |1 0 |4 0 |6 346_074000000000000_LAB_1981 |7 0 |8 A |9 185821 |a BIBDER |b BIBDER |d 2019-11-14 |i 2532581 |o 346.074 LAB 1981 |p 2532581 |r 2023-01-25 |w 2019-11-14 |y BK |k DER | ||